Trouve le personnage Disney - Statistiques

Statistiques générales
  • Ce quiz a été pris 2 323 fois
  • Le résultat moyen est 7 sur 15
Statistiques - réponses
Indice Réponse % Correct
Meilleur ami d'une sirène Polochon
93%
Il peut retirer l'épée du rocher Arthur
89%
Est toujours avec son parapluie Mary poppins
70%
Petit ours qui n'arrête pas de parler Koda
53%
Rêve de devenir policière Judy
52%
Souris ami d'une princesse Jack Jack
50%
A risqué sa vie pour son père Mulan
47%
Se prend pour un héros de la galaxie Buzz l'éclair
38%
Chat qui sait jouer de la harpe Duchesse
37%
Est jaloux de son frère Scar
36%
Fait des sandwichs au beurre de cacahuètes Lilo
30%
Est ami avec des cailloux Kristoff
28%
N'aime pas les petits d'hommes Shere Khan
27%
Animal doué pour le saxophone Louis
17%
Ne veut pas devenir reine Nala
4%
Aucun quiz correspondant
Distribution des résultats
% des personnes avec chaque résultat
Percentile par nombre de réponses
Votre historique - résultats
Vous n’avez pas pris ce quiz